| 000 | 00395nam a2200133Ia 4500 | ||
|---|---|---|---|
| 008 | 200619s9999 xx 000 0 und d | ||
| 020 | _a978-0-471-64799-7 | ||
| 100 | _aKatsigris, Costas | ||
| 245 |
_cCostas Katsigris, Chris Thomas.-- _aThe bar & beverage book / |
||
| 250 | _a4th ed. | ||
| 260 |
_aNew Jersey: _bJohn Wiley & Sons, Inc. _c2007 |
||
| 300 | _a737 pages | ||
| 500 | _aIncludes Index | ||
| 999 |
_c363706 _d363706 |
||